| 000 | 01012cam a2200313 i 4500 | ||
|---|---|---|---|
| 999 |
_c200437368 _d55580 |
||
| 001 | 200437368 | ||
| 003 | TR-AnTOB | ||
| 005 | 20230330132348.0 | ||
| 007 | ta | ||
| 008 | 190418s2019 tu tur d | ||
| 020 | _a9786057622358 | ||
| 040 |
_aTR-IsYBT _beng _erda _cTR-IsYBT _dTR-AnTOB |
||
| 041 | 0 | _atur | |
| 050 | 1 | 4 |
_aKKX828.5 _b.S2733 2019 |
| 090 |
_aKKX828.5 _b.S2733 2019 |
||
| 100 | 1 |
_aSaraçoğlu, Simge _eauthor _9126885 |
|
| 245 | 1 | 0 |
_aTürk Borçlar Kanunu kapsamında yapı malikinin sorumluluğu (TBK m. 69) / _cSimge Saraçoğlu. |
| 250 | _a1. Baskı - İstanbul, Mart 2019 | ||
| 264 | 1 |
_aİstanbul: _bOn İki Levha, _c2019. |
|
| 300 |
_axvi, 213 pages ; _c24 cm |
||
| 336 |
_atext _btxt _2rdacontent |
||
| 337 |
_aunmediated _bn _2rdamedia |
||
| 338 |
_avolume _bnc _2rdacarrier |
||
| 490 | 0 |
_aOn İki Levha. Yayın no ; _v1104 |
|
| 650 | 7 |
_aSorumluluk (Hukuk) _zTürkiye _2etuturkob _969977 |
|
| 650 | 7 |
_aBorçlar (Hukuk) _zTürkiye _2etuturkob _939556 |
|
| 942 |
_2lcc _cBK |
||